Millionenstädte, die am nächsten zu Berlin liegen - Statistiken

Allgemein
  • Dieses Quiz wurde 486 mal gespielt
  • Das Durchschnittsergebnis liegt bei 14 aus 20
Antwortstatistiken
km Millionenstadt % Korrekt
256 Hamburg
98%
521 Warschau
97%
505 München
96%
280 Prag
94%
878 Paris
93%
478 Köln
92%
524 Wien
91%
1184 Rom
87%
935 London
85%
688 Budapest
77%
843 Mailand
74%
971 Bukarest
65%
1204 Kiew
64%
1500 Barcelona
62%
953 Minsk
51%
1000 Belgrad
50%
1319 Sofia
49%
1324 St Petersburg
44%
1034 Birmingham
38%
1415 Odessa
20%
Keine übereinstimmenden Quizze gefunden
Verteilung der Resultate
Anzahl Personen mit jedem Resultat
Perzentil nach korrekt beantworteten Fragen
Ihre Resultats-Entwicklung
Sie haben dieses Quiz noch nicht gespielt